000 00898pam a2200289 a 4500
001 2369509
003 OSt
005 20160209100908.0
008 841024s1985 ilua 001 0 eng
010 _a 84023561
020 _a0673158950 :
_c$27.95
040 _aDLC
_cDLC
_dDLC
050 0 0 _aQA303
_b.L53 2012
082 0 0 _a515
_219
100 1 _aLial, Margaret L.
245 1 0 _aCalculus with applications /
_cMargaret L. Lial, Charles D. Miller.
250 _a3rd ed.
260 _aGlenview, Ill. :
_bScott, Foresman,
_cc1985.
300 _axxxvi, 651 p. :
_bill. ;
_c25 cm.
500 _aRev. ed. of: Essential calculus. 2nd ed. c1980.
500 _aIncludes index.
650 0 _aCalculus.
700 1 _aMiller, Charles D.
_q(Charles David),
_d1942-1986.
700 1 _aLial, Margaret L.
_tEssential calculus.
906 _a7
_bcbc
_corignew
_d1
_eocip
_f19
_gy-gencatlg
942 _2lcc
_cGEN
999 _c10579
_d10579